| 000 | 00568nam a22001937a 4500 | ||
|---|---|---|---|
| 003 | BD-ChCU | ||
| 005 | 20260429145329.0 | ||
| 008 | 260429b ny ||||| |||| 00| 0 eng d | ||
| 020 | _a9781107692794 | ||
| 040 | _cBD-ChCU | ||
| 082 |
_223 _a551.462 V175e |
||
| 100 |
_aVallis, Geoffrey K. _922101 |
||
| 245 |
_aEssentials of atmospheric and oceanic dynanics / _cGeoffrey K Vallis. |
||
| 260 |
_aNew York : _bCambridge University, _c2018 |
||
| 300 | _a342 P. : | ||
| 504 | _aIncludes. | ||
| 650 | 0 |
_aOcean-circulation ; Ocean-circulation. _922102 |
|
| 942 |
_2ddc _cBK _n0 |
||
| 999 |
_c112526 _d112526 |
||